[Event "ch-KAZ 2016"]
[Site "Almaty KAZ"]
[Date "2016.05.03"]
[Round "1.1"]
[White "Jumabayev, Rinat"]
[Black "Ismagambetov, Anuar"]
[Result "1-0"]
[WhiteTitle "GM"]
[BlackTitle "GM"]
[WhiteElo "2618"]
[BlackElo "2559"]
[WhiteFideId "13702661"]
[BlackFideId "13701525"]
[EventDate "2016.05.03"]

1. d4 Nf6 2. c4 e6 3. g3 c5 4. d5 exd5 5. cxd5 d6 6. Nc3 g6 7. Nf3 Bg7 8. Bg2
O-O 9. O-O a6 10. a4 Re8 11. Bf4 h6 12. Qc1 Kh7 13. Re1 Bf5 14. Nh4 Bc8 15. Qc2
b6 16. h3 Ra7 17. e4 Rae7 18. Rad1 Kg8 19. Bd2 Bd7 20. f4 b5 21. e5 dxe5 22. d6
Re6 23. f5 Rxd6 24. fxg6 Qe7 25. axb5 axb5 26. Nxb5 Rb6 27. Nc7 Rc8 28. Nd5 Nxd5
29. Bxd5 Be6 30. Nf5 Qf6 31. Rf1 Bxd5 32. Nxh6+ Bxh6 33. Rxf6 Rxf6 34. Bxh6 Be6
35. gxf7+ Bxf7 36. Bg5 Re6 37. Qf5 Kf8 38. Rf1 1-0

[Event "ch-KAZ 2016"]
[Site "Almaty KAZ"]
[Date "2016.05.03"]
[Round "1.2"]
[White "Askarov, Bakhtiyar"]
[Black "Urazayev, Arystanbek"]
[Result "1/2-1/2"]
[BlackTitle "CM"]
[WhiteElo "2396"]
[BlackElo "2354"]
[WhiteFideId "13701100"]
[BlackFideId "13709810"]
[EventDate "2016.05.03"]

1. d4 Nf6 2. Bf4 g6 3. e3 Bg7 4. Nf3 O-O 5. c3 d6 6. h3 c5 7. Be2 Nc6 8. O-O Re8
9. Bh2 b6 10. a4 Bb7 11. Na3 Rc8 12. Re1 Na5 13. Nd2 Qd7 14. Nac4 Nxc4 15. Bxc4
cxd4 16. exd4 Bh6 17. Be2 Qf5 18. Nf1 Rc7 19. Bb5 Qd5 20. f3 Rd8 21. Ne3 Qh5 22.
Ng4 Nxg4 23. hxg4 Qh4 24. Qe2 a5 25. Qf2 Qf6 26. f4 Bf8 27. Bg3 h6 28. Bh4 Qg7
29. Re2 Bc8 30. Qf3 Bb7 31. Qh3 Rb8 32. Rf1 Bd5 33. Qd3 f6 34. f5 g5 35. Bf2 Qf7
36. Rfe1 Rbc8 37. Qh3 Qh7 38. Rc1 Qf7 39. Rce1 Qh7 40. Re3 Qf7 41. Ra1 Rb8 42.
Kh1 Qh7 43. Qh2 Qf7 44. Qh3 Rbc8 45. Bg1 Kh7 46. Bh2 Kg8 47. Kg1 Kh7 48. Be2 Bb3
49. Qf3 Bd5 50. Qf2 Bb3 51. Ba6 Ra8 52. Qe2 Bd5 53. Bg3 Kh8 54. Be1 Rca7 55. Bb5
Rc7 56. Bd2 Kh7 57. Kf2 Kg8 58. Rh1 Bg7 59. Qd3 Rb8 60. Qe2 Ra8 61. Bd3 Rac8 62.
Be4 Bb3 63. Ra1 Bf8 64. Qf3 Kh8 65. Bb7 Rb8 66. Bc6 Rbc8 67. Be4 Bg7 68. Ra3 Bf8
69. d5 Bc4 70. b3 Ba6 71. c4 Rb8 72. Bc3 Bg7 73. Bd4 Bc8 74. Ra1 Bd7 75. Rh1 Kg8
76. Bd3 Bf8 77. Qe4 Bc8 78. Reh3 Qh7 79. Qe3 Rcb7 80. R1h2 Bd7 81. Bc2 Be8 82.
Rh1 Bd7 83. Rb1 Qf7 84. Rb2 Qe8 85. Rh1 Qc8 86. Bd3 Qe8 87. Ra1 Kg7 88. Rab1 Kg8
89. b4 axb4 90. Rxb4 Bxa4 91. Bxb6 Bd7 92. Qe2 Qc8 93. Kg3 Ra8 94. Kh2 Rab8 95.
R4b2 Ra8 96. Kh1 Rbb8 97. Rb3 Ba4 98. Rb4 Bd7 99. Qb2 h5 100. Qe2 Ra3 101. c5
dxc5 102. Bxc5 Rxb4 103. Bxb4 Ra4 104. Bxe7 Rxg4 105. Rf1 Qb8 106. Rf3 Rh4+ 107.
Kg1 Qa7+ 108. Rf2 Qa1+ 109. Rf1 Qd4+ 110. Rf2 Qa1+ 111. Rf1 Qd4+ 112. Rf2 Qxd5
113. Bxf6 Bc5 114. Bxg5 Bxf2+ 115. Kxf2 Rg4 116. g3 Rd4 117. Qxh5 Qf7 118. Qxf7+
Kxf7 119. Ke3 1/2-1/2

[Event "ch-KAZ 2016"]
[Site "Almaty KAZ"]
[Date "2016.05.03"]
[Round "1.3"]
[White "Kostenko, Petr"]
[Black "Egorov, Evgeny"]
[Result "1/2-1/2"]
[WhiteTitle "GM"]
[BlackTitle "IM"]
[WhiteElo "2457"]
[BlackElo "2387"]
[WhiteFideId "13700669"]
[BlackFideId "13700421"]
[EventDate "2016.05.03"]

1. e4 c5 2. Nf3 Nc6 3. Bb5 g5 4. O-O Nf6 5. Re1 h6 6. Nc3 Bg7 7. e5 Nh7 8. d4
cxd4 9. Nxd4 Nxd4 10. Qxd4 Nf8 11. Nd5 1/2-1/2

[Event "ch-KAZ 2016"]
[Site "Almaty KAZ"]
[Date "2016.05.03"]
[Round "1.4"]
[White "Kuderinov, Kirill"]
[Black "Gurkin, Anton"]
[Result "0-1"]
[WhiteTitle "IM"]
[WhiteElo "2489"]
[BlackElo "2276"]
[WhiteFideId "13701568"]
[BlackFideId "13704320"]
[EventDate "2016.05.03"]

1. e4 c5 2. Nf3 d6 3. Bb5+ Bd7 4. Bxd7+ Qxd7 5. O-O Nc6 6. c3 Nf6 7. Re1 e6 8.
d4 cxd4 9. cxd4 d5 10. e5 Ne4 11. Nbd2 Nxd2 12. Bxd2 Be7 13. Rc1 O-O 14. Qb3
Rac8 15. h4 Nb8 16. h5 Rxc1 17. Rxc1 Rc8 18. h6 Rxc1+ 19. Bxc1 Qc6 20. Qd1 Qc4
21. a3 g6 22. Be3 Nc6 23. Qd2 b5 24. Kh2 a5 25. Qd1 a4 26. Kg1 Na5 27. Ng5 Qb3
28. Qf3 Bxg5 29. Bxg5 Qxf3 30. gxf3 Nc6 31. Be3 b4 32. axb4 Nxb4 33. Bd2 Nc6 34.
Be3 Kf8 35. Kf1 Ke7 36. Ke2 Kd7 37. Kd3 Kc7 38. Kc3 Kb6 39. Bg5 Kb5 40. Bh4 Ka5
41. Bg5 Kb5 42. Bh4 a3 43. bxa3 Ka4 44. Bg5 Kxa3 45. Bh4 Ka4 46. Bg5 Na7 47. Be7
Nb5+ 48. Kd3 Kb3 49. Bc5 Nc7 50. Bb6 Na6 51. Bc5 Nb8 52. Bd6 Nc6 53. Bc5 g5 54.
Bb6 Nb4+ 55. Kd2 Kc4 56. Bc5 Nd3 57. Bb6 Nxf2 58. Ke3 Nd1+ 59. Kd2 Nb2 60. Ke3
Kc3 61. Kf2 Kd3 62. Bc5 Nd1+ 63. Kg3 Ne3 64. Bb6 Ke2 65. Bc5 Kd3 66. Bb6 g4 67.
fxg4 Ke4 68. Ba7 Nc2 69. Kh4 Kf4 70. Bb6 Ne3 71. g5 Nf5+ 72. Kh5 Ne7 73. Ba5 Kf5
74. Bc3 Ng6 75. Bd2 Ke4 76. Bc3 Kf4 77. Bd2+ Kg3 78. Be1+ Kf3 79. Bd2 Ke4 80.
Bc3 Nf4+ 81. Kg4 Ne2 82. Bb2 Nf4 83. Bc3 Ng6 84. Ba1 Ne7 85. g6 fxg6 86. Kg5 Ng8
87. Bc3 Kd3 88. Bb2 Kc4 0-1

[Event "ch-KAZ 2016"]
[Site "Almaty KAZ"]
[Date "2016.05.03"]
[Round "1.5"]
[White "Kazhgaleyev, Murtas"]
[Black "Utegaliyev, Azamat"]
[Result "1/2-1/2"]
[WhiteTitle "GM"]
[WhiteElo "2582"]
[BlackElo "2485"]
[WhiteFideId "13700316"]
[BlackFideId "13702467"]
[EventDate "2016.05.03"]

1. e4 e5 2. Nf3 Nc6 3. Bb5 a6 4. Bxc6 dxc6 5. O-O Bg4 6. h3 h5 7. c3 Qd3 8. hxg4
hxg4 9. Nxe5 Bd6 10. Nxd3 Bh2+ 11. Kh1 Bg3+ 12. Kg1 Bh2+ 13. Kh1 Bf4+ 14. Kg1
Bh2+ 15. Kh1 Be5+ 1/2-1/2

[Event "ch-KAZ 2016"]
[Site "Almaty KAZ"]
[Date "2016.05.03"]
[Round "1.6"]
[White "Arestanov, Timur"]
[Black "Khusnutdinov, Rustam"]
[Result "0-1"]
[WhiteTitle "FM"]
[BlackTitle "GM"]
[WhiteElo "2298"]
[BlackElo "2487"]
[WhiteFideId "13701304"]
[BlackFideId "13701703"]
[EventDate "2016.05.03"]

1. d4 Nf6 2. c4 b6 3. Nc3 Bb7 4. d5 e6 5. e4 exd5 6. exd5 Bb4 7. Bd3 c6 8. dxc6
dxc6 9. Qe2+ Qe7 10. Qxe7+ Kxe7 11. Bd2 Re8 12. Nf3 Kf8+ 13. Be2 c5 14. Kf1 Nc6
15. a3 Ba5 16. Nb5 Bxd2 17. Nxd2 Rad8 18. Nf3 Re7 19. Rd1 Rxd1+ 20. Bxd1 Ne4 21.
Bc2 Na5 22. Bd3 Nb3 23. h4 a6 24. Nc3 Nxc3 25. bxc3 Be4 26. Ke2 Bf5+ 0-1

[Event "ch-KAZ 2016"]
[Site "Almaty KAZ"]
[Date "2016.05.04"]
[Round "2.1"]
[White "Ismagambetov, Anuar"]
[Black "Khusnutdinov, Rustam"]
[Result "1/2-1/2"]
[WhiteTitle "GM"]
[BlackTitle "GM"]
[WhiteElo "2559"]
[BlackElo "2487"]
[WhiteFideId "13701525"]
[BlackFideId "13701703"]
[EventDate "2016.05.03"]

1. e4 e6 2. d4 d5 3. e5 c5 4. c3 Nc6 5. Nf3 Bd7 6. Be2 Nge7 7. O-O Nf5 8. dxc5
Bxc5 9. Kh1 Nfe7 10. b4 Bb6 11. b5 Na5 12. Bd3 Qc7 13. Qe2 Ng6 14. Re1 O-O-O 15.
Bg5 Rde8 16. Nbd2 Kb8 17. Rac1 Bc5 18. c4 Qb6 19. Kg1 h6 20. Be3 Bxe3 21. Qxe3
Qxe3 22. Rxe3 dxc4 23. Bxc4 Rc8 24. a4 Rc7 25. g3 Rhc8 26. Rd1 Rxc4 27. Nxc4
Nxc4 28. Rxd7 Nxe3 29. fxe3 Rc7 1/2-1/2

[Event "ch-KAZ 2016"]
[Site "Almaty KAZ"]
[Date "2016.05.04"]
[Round "2.2"]
[White "Utegaliyev, Azamat"]
[Black "Arestanov, Timur"]
[Result "1-0"]
[BlackTitle "FM"]
[WhiteElo "2485"]
[BlackElo "2298"]
[WhiteFideId "13702467"]
[BlackFideId "13701304"]
[EventDate "2016.05.03"]

1. c4 c5 2. Nf3 Nf6 3. Nc3 d5 4. cxd5 Nxd5 5. e4 Nb4 6. Bc4 Be6 7. Bb5+ N8c6 8.
Ng5 Bc8 9. a3 Nd3+ 10. Kf1 e5 11. Nd5 Nf4 12. Nxf4 exf4 13. Nf3 Be6 14. d4 cxd4
15. Bxf4 Qb6 16. Qa4 Rd8 17. Ne5 Bd6 18. Nxc6 bxc6 19. Bxc6+ Ke7 20. e5 Bc7 21.
Bd2 a5 22. b4 Bxe5 23. bxa5 Qb3 24. Qxb3 Bxb3 25. Re1 Bc4+ 26. Kg1 Kf6 27. h4 h6
28. Rh3 Bd5 29. Bxd5 Rxd5 30. h5 Rc8 31. Rf3+ Ke6 32. Rb3 Rc2 33. Rd3 Kd6 34.
Rb1 Kc5 35. Rb4 Rd6 36. g4 Bf6 37. Kg2 Bd8 38. a6 Bb6 39. Bf4 Rd7 40. Rdb3 d3
41. Be3+ Kd5 1-0

[Event "ch-KAZ 2016"]
[Site "Almaty KAZ"]
[Date "2016.05.04"]
[Round "2.3"]
[White "Gurkin, Anton"]
[Black "Kazhgaleyev, Murtas"]
[Result "0-1"]
[BlackTitle "GM"]
[WhiteElo "2276"]
[BlackElo "2582"]
[WhiteFideId "13704320"]
[BlackFideId "13700316"]
[EventDate "2016.05.03"]

1. e4 e5 2. Nc3 Nf6 3. f4 d5 4. exd5 e4 5. d3 Bb4 6. Bd2 e3 7. Bxe3 O-O 8. Be2
Nxd5 9. Bd2 Bxc3 10. bxc3 Qf6 11. Qc1 Re8 12. c4 Nc3 13. Qb2 Nxe2 14. Qxf6 gxf6 0-1

[Event "ch-KAZ 2016"]
[Site "Almaty KAZ"]
[Date "2016.05.04"]
[Round "2.4"]
[White "Egorov, Evgeny"]
[Black "Kuderinov, Kirill"]
[Result "1/2-1/2"]
[WhiteTitle "IM"]
[BlackTitle "IM"]
[WhiteElo "2387"]
[BlackElo "2489"]
[WhiteFideId "13700421"]
[BlackFideId "13701568"]
[EventDate "2016.05.03"]

1. d4 Nf6 2. Nf3 g6 3. Bf4 Bg7 4. e3 O-O 5. h3 c5 6. c3 b6 7. Be2 Bb7 8. O-O d6
9. Bh2 Nbd7 10. a4 a6 11. Na3 Rc8 12. Qb3 Qc7 13. Rad1 Ne4 14. Bc4 h6 15. Qc2
Kh7 16. Qe2 Ra8 17. Nd2 Nxd2 18. Rxd2 Qc6 19. e4 Qxa4 20. e5 d5 21. Bd3 Qc6 22.
g4 e6 23. h4 f6 24. h5 fxe5 25. Bxg6+ Kg8 26. dxe5 d4 27. f3 Rxf3 28. Rxf3 Qxf3
29. Qxf3 Bxf3 30. cxd4 cxd4 31. Nc4 Bd5 32. Rxd4 b5 33. Ne3 Nxe5 34. Bxe5 Bxe5
35. Rd2 Bf4 36. Kf2 Rf8 37. Ke2 Kg7 38. Nxd5 Bxd2 39. Nc7 Bc1 1/2-1/2

[Event "ch-KAZ 2016"]
[Site "Almaty KAZ"]
[Date "2016.05.04"]
[Round "2.5"]
[White "Urazayev, Arystanbek"]
[Black "Kostenko, Petr"]
[Result "0-1"]
[WhiteTitle "CM"]
[BlackTitle "GM"]
[WhiteElo "2354"]
[BlackElo "2457"]
[WhiteFideId "13709810"]
[BlackFideId "13700669"]
[EventDate "2016.05.03"]

1. e4 e6 2. d4 d5 3. Bd3 Nc6 4. c3 dxe4 5. Bxe4 Nf6 6. Bc2 e5 7. Qe2 Qe7 8. dxe5
Nxe5 9. Bf4 Nc4 10. b3 Nd6 11. c4 Nfe4 12. f3 g5 13. Bc1 Bg7 14. fxe4 O-O 15. c5
Ne8 16. Qe3 Bxa1 17. Nc3 c6 18. Nge2 f5 19. Qxg5+ Qxg5 20. Bxg5 fxe4 21. Bxe4
Nf6 22. Bd3 Ng4 23. Kd2 Bxc3+ 24. Kxc3 Nf2 25. Re1 Nxd3 26. Kxd3 Bf5+ 27. Kd2
Bg4 28. Ng3 Rae8 29. Ne4 Kg7 30. h3 Bd7 31. g4 Kg6 32. Bh4 b6 33. Re3 Rf4 34.
Kd3 Bc8 35. cxb6 Ba6+ 36. Kd4 axb6 0-1

[Event "ch-KAZ 2016"]
[Site "Almaty KAZ"]
[Date "2016.05.04"]
[Round "2.6"]
[White "Jumabayev, Rinat"]
[Black "Askarov, Bakhtiyar"]
[Result "1-0"]
[WhiteTitle "GM"]
[WhiteElo "2618"]
[BlackElo "2396"]
[WhiteFideId "13702661"]
[BlackFideId "13701100"]
[EventDate "2016.05.03"]

1. d4 d5 2. c4 e5 3. dxe5 d4 4. Nf3 Nc6 5. a3 Nge7 6. Nbd2 Nf5 7. b4 Be6 8. Bb2
h5 9. Rc1 g6 10. g3 Bh6 11. Bg2 h4 12. O-O hxg3 13. hxg3 Qe7 14. Ne4 Kf8 15. b5
Na5 16. Nxd4 Bxc1 17. Bxc1 Nxd4 18. Bg5 Nxe2+ 19. Qxe2 Qxa3 20. Qd2 Nxc4 21.
Bh6+ Ke8 22. Qg5 Kd7 23. Rd1+ Kc8 24. Qf6 Re8 25. Bg5 c6 26. bxc6 bxc6 27. Bh3
Qb3 28. Bxe6+ fxe6 29. Rd8+ Kc7 30. Qf7+ Kb6 31. Qxe8 Qd1+ 32. Rxd1 Rxe8 33. Nd6 1-0

[Event "ch-KAZ 2016"]
[Site "Almaty KAZ"]
[Date "2016.05.05"]
[Round "3.1"]
[White "Askarov, Bakhtiyar"]
[Black "Ismagambetov, Anuar"]
[Result "0-1"]
[BlackTitle "GM"]
[WhiteElo "2396"]
[BlackElo "2559"]
[WhiteFideId "13701100"]
[BlackFideId "13701525"]
[EventDate "2016.05.03"]

1. d4 Nf6 2. Bf4 d5 3. e3 c5 4. c3 Nc6 5. Nd2 Qb6 6. Qb3 g6 7. h3 c4 8. Qc2 Bf5
9. Qc1 Bg7 10. Ngf3 O-O 11. Be2 Rfc8 12. O-O Qd8 13. Bd1 b5 14. Bc2 b4 15. Bxf5
gxf5 16. Ne5 a5 17. Qc2 Ne4 18. Nxc6 Rxc6 19. f3 Nxd2 20. Qxd2 Rb6 21. Rae1 Ra7
22. e4 Rab7 23. Qf2 Qd7 24. exd5 Qxd5 25. Qh4 Rg6 26. Rxe7 Qd8 27. Rfe1 Bf8 28.
Bg5 Bxe7 29. Bxe7 Qd7 30. Re2 bxc3 31. bxc3 Rbb6 32. Bd8 Rbe6 33. Rxe6 Qxe6 34.
Bxa5 Qe3+ 35. Qf2 Qxf2+ 36. Kxf2 Ra6 37. Bb4 Rxa2+ 38. Ke3 f4+ 39. Kxf4 Rxg2 40.
Ke5 Rg5+ 41. Ke4 f6 42. d5 Kf7 43. Kd4 Rh5 44. Kxc4 Rxh3 45. Kd4 Rxf3 46. Bd6
Rf1 47. c4 Rd1+ 48. Ke4 Ke8 49. c5 f5+ 50. Kxf5 Rxd5+ 51. Ke6 Rd2 52. Kf5 Rg2
53. Kf4 Kd7 54. Kf3 Rg6 55. Bg3 h5 56. Bf2 Kc6 57. Ke2 Kd5 58. Kf3 Rg4 59. Be3
Rg8 60. Bf2 Rg6 61. c6 Kxc6 0-1

[Event "ch-KAZ 2016"]
[Site "Almaty KAZ"]
[Date "2016.05.05"]
[Round "3.2"]
[White "Kostenko, Petr"]
[Black "Jumabayev, Rinat"]
[Result "1-0"]
[WhiteTitle "GM"]
[BlackTitle "GM"]
[WhiteElo "2457"]
[BlackElo "2618"]
[WhiteFideId "13700669"]
[BlackFideId "13702661"]
[EventDate "2016.05.03"]

1. e4 c5 2. Nf3 Nc6 3. Bb5 g6 4. Bxc6 bxc6 5. O-O Bg7 6. c3 d6 7. h3 Nf6 8. Re1
O-O 9. d4 cxd4 10. cxd4 c5 11. dxc5 dxc5 12. Qc2 Ba6 13. e5 Nd5 14. Qxc5 Rc8 15.
Qd4 Bb7 16. Qxa7 Qd7 17. Qd4 Rfd8 18. Na3 Qf5 19. Qh4 Nc7 20. Qg4 Ne6 21. Qxf5
gxf5 22. Nh4 Be4 23. g4 Bxe5 24. Nxf5 Bxf5 25. gxf5 Nd4 26. Kg2 Bf6 27. Rb1 Nxf5
28. b4 Rd3 29. b5 Nh4+ 30. Kf1 Bc3 31. Ke2 Rd6 32. Rg1+ Kf8 33. Rg4 Nf5 34. Rc4
Nd4+ 35. Kf1 Rdd8 36. Bf4 Ne6 37. Bg3 Rxc4 38. Nxc4 Rd4 39. Ne3 Rd7 40. b6 Nd8
41. a4 Nb7 42. Rc1 Rd3 43. Rc2 e5 44. Ke2 e4 45. Nd5 Bd4 46. Rc7 Na5 47. b7 Ba7
48. Nf6 Rb3 49. Rc8+ Ke7 50. Ng8+ Ke6 51. b8=Q Bxb8 52. Rxb8 f5 53. Rf8 Rb2+ 54.
Kf1 Nc4 55. Bf4 e3 56. Bxe3 Ra2 57. Bf4 Rxa4 58. Rf6+ Kd5 59. Rxf5+ Ke4 60. Rf8
Kd5 1-0

[Event "ch-KAZ 2016"]
[Site "Almaty KAZ"]
[Date "2016.05.05"]
[Round "3.3"]
[White "Kuderinov, Kirill"]
[Black "Urazayev, Arystanbek"]
[Result "1-0"]
[WhiteTitle "IM"]
[BlackTitle "CM"]
[WhiteElo "2489"]
[BlackElo "2354"]
[WhiteFideId "13701568"]
[BlackFideId "13709810"]
[EventDate "2016.05.03"]

1. e4 e5 2. Nf3 Nc6 3. Bb5 Nge7 4. c3 d5 5. d4 Bg4 6. h3 Bh5 7. g4 Bg6 8. Nxe5
Bxe4 9. f3 Bg6 10. Qe2 Qd6 11. Bf4 O-O-O 12. Nd2 Nxe5 13. dxe5 Qe6 14. Nb3 Nc6
15. O-O-O Be7 16. Rhe1 h5 17. Bd3 hxg4 18. hxg4 Rh3 19. Qg2 Rdh8 20. Bxg6 Qxg6
21. Rxd5 Bg5 22. Bd2 Rh2 23. Qf1 Bf4 24. Qc4 Bg3 25. Re4 Rh1+ 26. Kc2 Nxe5 27.
Rxe5 Bxe5 28. Qb5 Bg3 29. Na5 b6 30. Nc6 Bd6 31. Kb3 a5 32. Re7 Qb1 33. Qa6# 1-0

[Event "ch-KAZ 2016"]
[Site "Almaty KAZ"]
[Date "2016.05.05"]
[Round "3.4"]
[White "Kazhgaleyev, Murtas"]
[Black "Egorov, Evgeny"]
[Result "1-0"]
[WhiteTitle "GM"]
[BlackTitle "IM"]
[WhiteElo "2582"]
[BlackElo "2387"]
[WhiteFideId "13700316"]
[BlackFideId "13700421"]
[EventDate "2016.05.03"]

1. d4 d5 2. Bf4 c5 3. e3 Nc6 4. c3 Nf6 5. Nd2 Qb6 6. Qb3 g6 7. h3 Bg7 8. Ngf3
O-O 9. Be2 Re8 10. O-O h6 11. a4 Qd8 12. dxc5 e5 13. Bh2 Ne4 14. Nxe4 dxe4 15.
Rfd1 Qe7 16. Nd2 Be6 17. Bc4 Na5 18. Qb5 Nxc4 19. Nxc4 b6 20. Nd6 Red8 21. b4
Bb3 22. Rd2 bxc5 23. bxc5 Rab8 24. Qc6 f5 25. c4 Qe6 26. Qc7 Bf8 27. Nxf5 Rbc8
28. Nxh6+ Bxh6 29. Rxd8+ Rxd8 30. Qxd8+ Bf8 31. Qd5 Qxd5 32. cxd5 Bxc5 33. Bxe5
a5 34. Bc3 1-0

[Event "ch-KAZ 2016"]
[Site "Almaty KAZ"]
[Date "2016.05.05"]
[Round "3.5"]
[White "Arestanov, Timur"]
[Black "Gurkin, Anton"]
[Result "1/2-1/2"]
[WhiteTitle "FM"]
[WhiteElo "2298"]
[BlackElo "2276"]
[WhiteFideId "13701304"]
[BlackFideId "13704320"]
[EventDate "2016.05.03"]

1. d4 d5 2. c4 Bf5 3. cxd5 Bxb1 4. Qa4+ c6 5. Rxb1 Qxd5 6. Nf3 Nd7 7. b4 e5 8.
dxe5 Nxe5 9. Qb3 Nxf3+ 10. gxf3 Nf6 11. Bg2 Bd6 12. e3 Rd8 13. O-O Qh5 14. f4
O-O 15. e4 Bc7 16. Qc2 Qh4 17. e5 Nh5 18. Qe4 f6 19. Rb3 fxe5 20. Rh3 Qg4 21.
fxe5 Qxe4 22. Bxe4 g6 23. Bh6 Rf4 24. Bxf4 Nxf4 25. Ra3 a6 26. Re1 Bxe5 27. Bc2
Bd4 28. Rf3 g5 29. Re7 b6 30. Rxh7 Bg7 31. h4 Rd2 32. Bf5 Rd5 33. Be4 Rd4 34.
Re3 g4 35. h5 Nh3+ 36. Kg2 Ng5 37. Rxg7+ Kxg7 38. Bxc6 Rxb4 39. Re7+ Kh6 40. Be8
Re4 41. Rxe4 Nxe4 42. f3 Nf6 43. Bf7 gxf3+ 44. Kxf3 Nxh5 45. Bxh5 Kxh5 46. Ke4
Kg5 47. Kd5 Kf6 48. Kc6 b5 49. Kb6 b4 50. Kxa6 Ke6 51. Kb5 Kd6 52. Kxb4 Kc6 53.
Ka5 Kb7 1/2-1/2

[Event "ch-KAZ 2016"]
[Site "Almaty KAZ"]
[Date "2016.05.06"]
[Round "4.1"]
[White "Ismagambetov, Anuar"]
[Black "Utegaliyev, Azamat"]
[Result "1/2-1/2"]
[WhiteTitle "GM"]
[WhiteElo "2559"]
[BlackElo "2485"]
[WhiteFideId "13701525"]
[BlackFideId "13702467"]
[EventDate "2016.05.03"]

1. e4 d5 2. exd5 Qxd5 3. Nc3 Qd6 4. d4 c6 5. Nf3 Bg4 6. Be2 Nf6 7. O-O Nbd7 8.
h3 Bxf3 9. Bxf3 e6 10. Re1 Be7 11. Ne2 Qc7 12. Bf4 Bd6 13. Bxd6 Qxd6 14. c3 O-O
15. Qc2 Rfe8 16. Rad1 Rad8 17. g3 g6 18. Bg2 h5 19. h4 e5 20. dxe5 Qxe5 21. Qd2
Qc7 22. Nf4 Ne5 23. Qc2 Rxd1 24. Rxd1 Kg7 25. b3 Neg4 26. Nd3 Qa5 27. Re1 Rxe1+
28. Nxe1 Qe5 29. Nd3 Qf5 30. Qe2 Nd5 31. Qd2 Kh7 32. c4 Ndf6 33. Qe2 Qd7 34. Nc5
Qc7 35. Bf3 b6 36. Nd3 Qd6 37. Kg2 Kg7 38. Qc2 c5 39. Qc3 Nh6 40. Ne5 Nf5 41.
Nc6 a5 42. Qe5 Qxe5 43. Nxe5 Kf8 44. Bb7 Ke7 45. Kf3 Nd4+ 46. Ke3 Nd7 47. Nd3
Nf6 48. f3 Nf5+ 49. Kf4 Nd4 50. Ke3 Nf5+ 51. Kf4 Nd4 1/2-1/2

[Event "ch-KAZ 2016"]
[Site "Almaty KAZ"]
[Date "2016.05.06"]
[Round "4.2"]
[White "Gurkin, Anton"]
[Black "Khusnutdinov, Rustam"]
[Result "0-1"]
[BlackTitle "GM"]
[WhiteElo "2276"]
[BlackElo "2487"]
[WhiteFideId "13704320"]
[BlackFideId "13701703"]
[EventDate "2016.05.03"]

1. e4 c5 2. Nf3 e6 3. d4 cxd4 4. Nxd4 Nc6 5. Be3 Nf6 6. Bd3 d5 7. exd5 Nxd5 8.
Nxc6 bxc6 9. Bd4 Rb8 10. O-O c5 11. Be5 Bd6 12. Bxd6 Qxd6 13. Nd2 Nf4 14. Ne4
Qe5 15. Re1 O-O 16. b3 Bb7 17. Ng3 Qc3 18. Re3 Qd4 19. Ne2 Nxe2+ 20. Bxe2 Rfd8
21. Qe1 g6 22. a4 Qf6 23. Qc3 Rd4 24. a5 Rbd8 25. Rf1 Qg5 26. Rg3 Qe5 27. Bd3
Qd6 28. Re1 Ba8 29. h3 Bd5 30. Qa1 Bxb3 31. Bxg6 hxg6 32. Rxb3 Qd5 33. Qb2 c4
34. Rb5 Qc6 35. Rb7 c3 36. Qb3 Rd1 37. Rxd1 Rxd1+ 38. Kh2 Qd6+ 39. g3 Qc6 40. f3
Qxf3 0-1

[Event "ch-KAZ 2016"]
[Site "Almaty KAZ"]
[Date "2016.05.06"]
[Round "4.3"]
[White "Egorov, Evgeny"]
[Black "Arestanov, Timur"]
[Result "1-0"]
[WhiteTitle "IM"]
[BlackTitle "FM"]
[WhiteElo "2387"]
[BlackElo "2298"]
[WhiteFideId "13700421"]
[BlackFideId "13701304"]
[EventDate "2016.05.03"]

1. c4 c5 2. Nf3 Nf6 3. Nc3 d5 4. cxd5 Nxd5 5. d4 Nxc3 6. bxc3 g6 7. Bf4 Bg7 8.
e3 Qa5 9. Qd2 O-O 10. Bd3 Rd8 11. Rb1 cxd4 12. cxd4 Qxd2+ 13. Kxd2 Nc6 14. Rhc1
f6 15. Bc7 Rd7 16. Bg3 e6 17. Bb5 e5 18. Rxc6 bxc6 19. Bxc6 exd4 20. exd4 Bh6+
21. Kc3 f5 22. Be5 Bb7 23. Bxd7 Be4 24. Be6+ Kf8 25. Rb8+ 1-0

[Event "ch-KAZ 2016"]
[Site "Almaty KAZ"]
[Date "2016.05.06"]
[Round "4.4"]
[White "Urazayev, Arystanbek"]
[Black "Kazhgaleyev, Murtas"]
[Result "0-1"]
[WhiteTitle "CM"]
[BlackTitle "GM"]
[WhiteElo "2354"]
[BlackElo "2582"]
[WhiteFideId "13709810"]
[BlackFideId "13700316"]
[EventDate "2016.05.03"]

1. e4 e6 2. d4 d5 3. Bd3 c5 4. exd5 exd5 5. Nf3 Nc6 6. O-O cxd4 7. Re1+ Be7 8.
Bb5 Nf6 9. Nxd4 Bd7 10. Bxc6 bxc6 11. Qe2 c5 12. Nf3 h6 13. Bf4 Be6 14. Ne5 O-O
15. Nc6 Qd7 16. Nxe7+ Qxe7 17. Nd2 Qb7 18. b3 Qb6 19. Qf3 d4 20. Re5 Nd7 21. Rh5
f5 22. Qg3 Kh7 23. Nf3 Nf6 24. Rh4 Ne4 25. Ng5+ Nxg5 26. Bxg5 Rae8 27. Bf4 Bd5
28. h3 Re6 29. Qd3 Be4 30. Qd2 Rg6 31. g3 Bb7 32. Kh2 Qc6 33. Rg1 Qf3 34. Bc7
Re6 35. Rf4 Qc6 36. Qa5 g5 0-1

[Event "ch-KAZ 2016"]
[Site "Almaty KAZ"]
[Date "2016.05.06"]
[Round "4.5"]
[White "Jumabayev, Rinat"]
[Black "Kuderinov, Kirill"]
[Result "1-0"]
[WhiteTitle "GM"]
[BlackTitle "IM"]
[WhiteElo "2618"]
[BlackElo "2489"]
[WhiteFideId "13702661"]
[BlackFideId "13701568"]
[EventDate "2016.05.03"]

1. d4 Nf6 2. Nf3 g6 3. g3 Bg7 4. Bg2 O-O 5. c4 d6 6. Nc3 Nc6 7. O-O a6 8. Bf4
Rb8 9. Rc1 Bd7 10. Qd2 b5 11. Nd5 bxc4 12. Nxf6+ Bxf6 13. Rxc4 e5 14. Bh6 Re8
15. d5 Nd4 16. Rfc1 Nf5 17. e4 Nxh6 18. Qxh6 Rxb2 19. Rxc7 Rxa2 20. h4 Re2 21.
R1c4 Bg7 22. Qc1 Bb5 23. Rc3 Rf8 24. Bf1 Ra2 25. Qb1 Ra3 26. Bxb5 Rxc3 27. Rxc3
axb5 28. Qxb5 Qe7 29. Qb6 h6 30. Rc7 Qf6 31. Kg2 Rd8 32. Nd2 Bf8 33. Qb7 Re8 34.
Qc6 Rb8 35. Nc4 Rb3 36. Nd2 Rb2 37. Qc3 Ra2 38. Rc8 Kg7 39. Re8 Be7 40. Nf3 Bd8
41. Qb3 Ra6 42. Qb8 Ra3 43. Nh2 Ba5 44. Rh8 1-0

[Event "ch-KAZ 2016"]
[Site "Almaty KAZ"]
[Date "2016.05.06"]
[Round "4.6"]
[White "Askarov, Bakhtiyar"]
[Black "Kostenko, Petr"]
[Result "1/2-1/2"]
[BlackTitle "GM"]
[WhiteElo "2396"]
[BlackElo "2457"]
[WhiteFideId "13701100"]
[BlackFideId "13700669"]
[EventDate "2016.05.03"]

1. e4 e6 2. d3 d5 3. Nd2 Nf6 4. Ngf3 Nc6 5. g3 dxe4 6. dxe4 e5 7. Bg2 Bc5 8. O-O
a5 9. a4 b6 10. Nb3 Bd6 11. c3 O-O 12. Nfd2 Ba6 13. Re1 Qd7 14. Bf1 Bxf1 15.
Nxf1 Qe6 16. Qc2 Ne7 17. Bg5 h6 18. Bxf6 Qxf6 19. Ne3 Rad8 20. Rad1 g6 21. Qe2
h5 22. Rd2 Kg7 23. h4 Qe6 24. Qc4 Qc8 25. Qe2 Qb7 26. Qc4 Nc8 27. Red1 c6 28.
Qe2 Be7 29. Rxd8 Rxd8 30. Rxd8 Bxd8 31. g4 Bxh4 32. gxh5 Bg5 33. hxg6 fxg6 34.
Nc4 Qf7 35. Nxe5 Qxb3 36. Qg4 Qxa4 37. Qxc8 Qxe4 38. Qd7+ Kh6 39. Nxc6 Bf6 40.
Nd4 Qe5 41. Kf1 Qh5 42. Qd6 Qh1+ 43. Ke2 Qe4+ 44. Kf1 Qd3+ 45. Kg2 Qe4+ 1/2-1/2